000
00236 a2200097 4500
001
41441
100
_a
Hornby, AS
245
_a
The advanced Learners dictionary englush
260
_a
Oxford
_b
Oxford University
_c
090
_c
25614
_d
25614
942
_a
NUST-CAE
_c
M
_c
17352
999
_c
276514
_d
276514